|
|
|
|
| LEADER |
00000nas a2200000 a 4500 |
| 001 |
ssj0004671 |
| 003 |
WaSeSS |
| 005 |
20200512172242.0 |
| 006 |
m d |
| 007 |
cr n |
| 008 |
050614c19709999iluqr p s g 0 a0eng c |
| 010 |
|
|
|a 2007228654
|
| 022 |
|
|
|a 2162-8483
|y 0046-8185
|
| 035 |
|
|
|a (WaSeSS)ssj0004671
|
| 037 |
|
|
|b Human Rights, 321 N. Clark St. Chicago, IL 60654-7598
|
| 040 |
|
|
|a OCLCS
|b eng
|c OCLCS
|d DOS
|d FGA
|d MUQ
|d OCLCQ
|d BUF
|d DLC
|d EYM
|d OCLCQ
|d OCLCF
|d OCLCO
|d COO
|d OCLCO
|d OCLCQ
|d DLC
|d OCLCO
|d NTG
|d UUM
|d IAZ
|d OCLCO
|d WaSeSS
|
| 042 |
|
|
|a pcc
|a nsdp
|
| 043 |
|
|
|a n-us---
|
| 050 |
1 |
4 |
|a K8
|b .U45
|
| 082 |
0 |
0 |
|a 342/.73/085/05
|a 347.3028505
|2 19
|
| 130 |
0 |
|
|a Human rights (Chicago, Ill. : Online)
|
| 222 |
|
0 |
|a Human rights
|b (Chicago, Ill. Online)
|
| 245 |
1 |
0 |
|a Human rights
|h [electronic resource] :
|b journal of the Section of Individual Rights and Responsibilities.
|
| 246 |
1 |
3 |
|a Hum. Rts
|
| 260 |
|
|
|a Chicago, Ill. :
|b Section of Individual Rights and Responsibilities, American Bar Association,
|c ©1970-
|
| 310 |
|
|
|a Quarterly,
|b winter 1992-
|
| 321 |
|
|
|a Irregular,
|b 1970-1977
|
| 321 |
|
|
|a Three times a year,
|b 1978-fall 1991
|
| 362 |
1 |
|
|a Began with vol. 1, no. 1 (Aug. 1970).
|
| 506 |
|
|
|a License restrictions may limit access.
|
| 538 |
|
|
|a Mode of access: World Wide Web.
|
| 588 |
|
|
|a Description based on: Vol. 1, no. 1 (Aug. 1970); title from PDF title page (JSTOR, viewed Aug. 12, 2011).
|
| 588 |
|
|
|a Latest issue consulted: Vol. 37, no. 4 (fall 2010) (Americanbar.org, viewed Aug. 11, 2011).
|
| 650 |
|
0 |
|a Civil rights
|z United States
|v Periodicals.
|
| 650 |
|
6 |
|a Droits de l'homme
|z États-Unis
|v Périodiques.
|
| 650 |
|
7 |
|a Civil rights.
|2 fast
|0 (OCoLC)fst00862627
|
| 651 |
|
7 |
|a United States.
|2 fast
|0 (OCoLC)fst01204155
|
| 655 |
|
0 |
|a Electronic journals.
|
| 710 |
2 |
|
|a American Bar Association.
|b Section of Individual Rights and Responsibilities.
|
| 776 |
0 |
8 |
|i Print version:
|t Human rights (Chicago, Ill.)
|x 0046-8185
|w (DLC) 72222708
|w (OCoLC)1752394
|
| 780 |
0 |
5 |
|t Section of Individual Rights and Responsibilities newsletter
|x 2475-1049
|w (DLC) 2016202668
|w (OCoLC)741477475
|
| 780 |
0 |
5 |
|a American Bar Association. Section of Individual Rights and Responsibilities.
|s Edited proceedings (Online).
|t Edited proceedings
|x 2475-1030
|w (DLC) 2016202667
|w (OCoLC)963337614
|
| 856 |
4 |
0 |
|z Full text available from Research Library: 10/01/1996 to present
|u https://search.proquest.com/publication/29832
|